| 000 | 00852nas a2200277 4500 | ||
|---|---|---|---|
| 001 | BR9202789 | ||
| 003 | BR-BrBNA | ||
| 005 | 20231205092544.0 | ||
| 007 | ta | ||
| 008 | 230509b bl.|||p| |||| 00| 00por d | ||
| 040 |
_aBR-BrBNA _bpor _cBiblioteca Nacional de Agricultura |
||
| 041 | _a(Pt) | ||
| 072 | _aF03 | ||
| 100 | 1 | _aConde, A. dos R. | |
| 100 | 1 | _aGarcia, J. | |
| 245 | 1 | _aMaturacao e armazenabilidade das sementes de Setaria sphacelata cv. Kazungula | |
| 246 | 1 | _aMaturity and storability of Setaria sphacelata cv. Kazungula seeds | |
| 650 | _aSETARIA | ||
| 650 | _aSEMENTE | ||
| 650 | _aGERMINACAO | ||
| 650 | _aEMERGENCIA | ||
| 650 | _aMATURACAO | ||
| 773 | 0 |
_tRevista Brasileira de Sementes (Brazil) _xISSN 0101-3122 _g(1990), v. 12(1) p. 46-55 _wBR9202789 |
|
| 909 |
_a202311 _bLúcia _c55 _dLúcia Elande |
||
| 942 |
_2AGRIS _n0 _cANA |
||
| 999 |
_c132492 _d132492 |
||